[Event "Litomysl op 20th"]
[Site "Litomysl"]
[Date "2018.12.27"]
[Round "3"]
[White "Kastner, Oldrich"]
[Black "Sabol, Marian"]
[Result "1/2-1/2"]
[WhiteElo "2020"]
[BlackElo "2298"]
[PlyCount "107"]
[EventDate "2018.12.26"]
[EventType "swiss"]
[EventRounds "9"]
[EventCountry "CZE"]
[SourceTitle "CBM 188 Extra"]
[Source "ChessBase"]
[SourceDate "2019.02.26"]
[SourceVersion "1"]
[SourceVersionDate "2019.02.26"]
[SourceQuality "1"]

1. d4 Nf6 2. Nf3 c5 3. c3 e6 4. Bf4 Be7 5. h3 0-0 6. Nbd2 d5 7. e3 Nh5 8. Bh2 f5 9. Ne5 Nf6 10. Bd3 Ne4 11. 0-0 Bd7 12. f3 Nxd2 13. Qxd2 Nc6 14. Rae1 Bd6 15. Nxc6 Bxc6 16. Bxd6 Qxd6 17. f4 c4 18. Bc2 b5 19. b4 cxb3 20. axb3 a5 21. Ra1 a4 22. b4 Ra7 23. Ra3 h6 24. Bd3 Be8 25. Kf2 g5 26. Ke1 Rg7 27. Kd1 Rf6 28. Kc1 Rfg6 29. Rf2 g4 30. hxg4 Rxg4 31. Kb2 Kf8 32. Ra1 Rh4 33. Rg1 h5 34. Ka3 Qc6 35. Qc1 Ke7 36. Rc2 Kd6 37. Qe1 Qc7 38. Be2 Kc6 39. c4 Kb7 40. c5 Bc6 41. Bf3 Qe7 42. Rf1 Qf6 43. Rh1 Rxh1 44. Qxh1 h4 45. Qh2 Rg3 46. Rc1 Be8 47. c6+ Bxc6 48. Rh1 Bd7 49. Qxh4 Qxh4 50. Rxh4 Rg8 51. Rh7 Kc6 52. Rh1 Kb6 53. Rc1 Rh8 54. Kb2 1/2-1/2

[Event "Litomysl op 20th"]
[Site "Litomysl"]
[Date "2018.12.27"]
[Round "2"]
[White "Michenka, Jozef"]
[Black "Kastner, Oldrich"]
[Result "1/2-1/2"]
[WhiteElo "2274"]
[BlackElo "2020"]
[PlyCount "99"]
[EventDate "2018.12.26"]
[EventType "swiss"]
[EventRounds "9"]
[EventCountry "CZE"]
[SourceTitle "CBM 188 Extra"]
[Source "ChessBase"]
[SourceDate "2019.02.26"]
[SourceVersion "1"]
[SourceVersionDate "2019.02.26"]
[SourceQuality "1"]

1. d4 Nf6 2. Nf3 c5 3. e3 e6 4. c4 b6 5. Be2 Bb7 6. 0-0 Be7 7. b3 0-0 8. Bb2 cxd4 9. Nxd4 d5 10. Bf3 Nbd7 11. Nc3 Ne5 12. cxd5 Nxf3+ 13. Qxf3 Nxd5 14. Nxd5 Qxd5 15. Qxd5 Bxd5 16. Rfc1 Bf6 17. Rc2 Be4 18. Rd2 Rfd8 19. f3 Bb7 20. Rad1 Rd5 21. e4 Rd7 22. Nb5 Rxd2 23. Rxd2 Bg5 24. Rc2 Be3+ 25. Kf1 Bc5 26. a4 a6 27. Na3 Rd8 28. Ke2 a5 29. Nb5 Ba6 30. Bc1 Kf8 31. Be3 Bxe3 32. Kxe3 Rc8 33. Rxc8+ Bxc8 34. Nd6 Ba6 35. Kd4 Ke7 36. e5 f6 37. Nc4 Bxc4 38. Kxc4 Kd7 39. Kb5 Kc7 40. exf6 gxf6 41. g4 e5 42. h4 h6 43. b4 axb4 44. Kxb4 Kc6 45. Kc4 Kd6 46. Kb5 Kc7 47. Kb4 Kc6 48. Kc4 Kd6 49. Kb5 Kc7 50. Kb4 1/2-1/2

[Event "Litomysl op 20th"]
[Site "Litomysl"]
[Date "2018.12.26"]
[Round "1"]
[White "Kastner, Oldrich"]
[Black "Bastyr, Pavel"]
[Result "1-0"]
[WhiteElo "2020"]
[BlackElo "1432"]
[PlyCount "43"]
[EventDate "2018.12.26"]
[EventType "swiss"]
[EventRounds "9"]
[EventCountry "CZE"]
[SourceTitle "CBM 188 Extra"]
[Source "ChessBase"]
[SourceDate "2019.02.26"]
[SourceVersion "1"]
[SourceVersionDate "2019.02.26"]
[SourceQuality "1"]

1. Nf3 d5 2. c4 dxc4 3. Na3 Nc6 4. Nxc4 Be6 5. e3 Bg4 6. Be2 e6 7. 0-0 Nf6 8. b3 Be7 9. Bb2 b5 10. Nce5 Nxe5 11. Bxe5 Rb8 12. h3 Bf5 13. Nd4 Be4 14. Bxb5+ Kf8 15. f3 Ba8 16. Rc1 Bd6 17. Bxd6+ Qxd6 18. Bc6 e5 19. Nb5 Rxb5 20. Bxb5 e4 21. f4 Nh5 22. Qxh5 1-0

[Event "CZE-chT2D 1819"]
[Site "Czech Republic"]
[Date "2018.11.04"]
[Round "2.4"]
[White "Holasek, Pavel"]
[Black "Kastner, Oldrich"]
[Result "1-0"]
[WhiteElo "2095"]
[BlackElo "2034"]
[PlyCount "139"]
[EventDate "2018.10.14"]
[EventType "team-tourn"]
[EventRounds "11"]
[EventCountry "CZE"]
[SourceTitle "EXT 2022"]
[Source "ChessBase"]
[SourceDate "2021.10.06"]
[SourceVersion "1"]
[SourceVersionDate "2021.10.06"]
[SourceQuality "1"]
[WhiteTeam "Pardubice Rapid"]
[BlackTeam "Policka Stefanydes"]
[WhiteTeamCountry "CZE"]
[BlackTeamCountry "CZE"]

1. e4 e6 2. d3 d5 3. Nd2 Nf6 4. Ngf3 Be7 5. g3 0-0 6. Bg2 c5 7. 0-0 Nc6 8. e5 Nd7 9. Re1 f6 10. exf6 Bxf6 11. Bh3 Nde5 12. Nxe5 Bxe5 13. Nf3 Qf6 14. Nxe5 Nxe5 15. f4 Nc6 16. Qe2 Bd7 17. Be3 b6 18. c3 Rae8 19. Bd2 Bc8 20. Qf3 Ne7 21. Re2 Nf5 22. Rae1 Qf7 23. Re5 g6 24. Qg2 Kh8 25. Qf2 Ba6 26. Qe2 Bc8 27. b4 cxb4 28. cxb4 d4 29. Bc1 Rd8 30. Bb2 Rd6 31. b5 Rfd8 32. Bg2 Ng7 33. Ba3 R6d7 34. Bc6 Rc7 35. Bb4 a5 36. Ba3 Nf5 37. Bb2 Kg8 38. Qe4 Rd6 39. Ba3 Rd8 40. Bb2 Rd6 41. g4 Ne7 42. Rc1 Nxc6 43. bxc6 Qe8 44. Rc4 Rcxc6 45. Rxd4 Rxd4 46. Qxd4 Qd7 47. Rb5 Rc1+ 48. Kf2 Qxd4+ 49. Bxd4 Rc2+ 50. Kg3 Bd7 51. Rxb6 Rxa2 52. Rb7 Bc6 53. Rg7+ Kf8 54. Rxh7 Rg2+ 55. Kh3 Rd2 56. Bc5+ Kg8 57. Rc7 Rxd3+ 58. Kh4 Be8 59. Bb6 a4 60. Kg5 Rd6 61. Bc5 Ra6 62. Ba3 Bf7 63. Rc8+ Kh7 64. Bb2 Ra5+ 65. Kf6 Ra7 66. Ba3 Bg8 67. Rc3 Rf7+ 68. Kg5 Kg7 69. Bb2 Bh7 70. Rc8+ 1-0

[Event "CZE-chT2D 1819"]
[Site "Czech Republic"]
[Date "2018.10.14"]
[Round "1.4"]
[White "Kastner, Oldrich"]
[Black "Brezmen, Pavel"]
[Result "1/2-1/2"]
[WhiteElo "2034"]
[BlackElo "2102"]
[PlyCount "40"]
[EventDate "2018.10.14"]
[EventType "team-tourn"]
[EventRounds "11"]
[EventCountry "CZE"]
[SourceTitle "EXT 2022"]
[Source "ChessBase"]
[SourceDate "2021.10.06"]
[SourceVersion "1"]
[SourceVersionDate "2021.10.06"]
[SourceQuality "1"]
[WhiteTeam "Policka Stefanydes"]
[BlackTeam "Kolin"]
[WhiteTeamCountry "CZE"]
[BlackTeamCountry "CZE"]

1. d4 Nf6 2. c4 c6 3. Bf4 d5 4. e3 e6 5. Nc3 Bd6 6. Nh3 0-0 7. Bd3 dxc4 8. Bxc4 Qe7 9. Bxd6 Qxd6 10. 0-0 e5 11. dxe5 Qxe5 12. Nf4 Bf5 13. Qf3 Nbd7 14. Nd3 Bxd3 15. Bxd3 Nc5 16. Rad1 Rad8 17. Bc2 g6 18. h3 Kg7 19. Rxd8 Rxd8 20. Rd1 Rd6 1/2-1/2

[Event "Pardubice Czech op-C 29th"]
[Site "Pardubice"]
[Date "2018.07.24"]
[Round "5"]
[White "Kastner, Oldrich"]
[Black "Zeleny, Tomas1111"]
[Result "1/2-1/2"]
[WhiteElo "2054"]
[BlackElo "1809"]
[PlyCount "114"]
[EventDate "2018.07.21"]
[EventType "swiss"]
[EventRounds "9"]
[EventCountry "CZE"]
[SourceTitle "CBM 186 Extra"]
[Source "ChessBase"]
[SourceDate "2018.08.24"]
[SourceVersion "1"]
[SourceVersionDate "2018.08.24"]
[SourceQuality "1"]

1. d4 d5 2. Nc3 Nf6 3. Bg5 Bf5 4. e3 Nbd7 5. Nf3 c6 6. Be2 e6 7. 0-0 Bd6 8. Nh4 0-0 9. Nxf5 exf5 10. Bd3 h6 11. Bxf6 Qxf6 12. Qh5 g6 13. Qxh6 Rfe8 14. Ne2 Bf8 15. Qf4 Bd6 16. Qf3 Kg7 17. g3 Rh8 18. Kg2 Rad8 19. c3 Qe7 20. c4 Nf6 21. cxd5 Nxd5 22. Nc3 Bc7 23. Rac1 Qb4 24. Rc2 Qe7 25. Nxd5 Rxd5 26. a3 a5 27. Bc4 Rd7 28. a4 Bd6 29. b3 Rhd8 30. h4 Qe4 31. Qxe4 fxe4 32. Rh1 Rh8 33. Be2 f5 34. Bc4 Kf6 35. Be2 Bb4 36. Rcc1 Rdh7 37. Rh3 Ke6 38. Bc4+ Kf6 39. Rf1 g5 40. hxg5+ Kxg5 41. Rxh7 Rxh7 42. f3 Bd2 43. fxe4 fxe4 44. Rf4 Bxe3 45. Rxe4 Bd2 46. Re5+ Kf6 47. Re6+ Kg5 48. Re5+ Kf6 49. Kf3 Bc3 50. Re6+ Kg5 51. Re5+ Kf6 52. Kf4 Rd7 53. Rf5+ Kg7 54. d5 cxd5 55. Bxd5 b6 56. g4 Bd4 57. Be4 Rf7 1/2-1/2

[Event "CZE-chT2D 1718"]
[Site "Czech Republic"]
[Date "2018.04.08"]
[Round "11.3"]
[White "Kastner, Oldrich"]
[Black "Vrkota, Milos"]
[Result "1/2-1/2"]
[WhiteElo "2039"]
[BlackElo "2105"]
[PlyCount "50"]
[EventDate "2017.10.15"]
[EventType "team-tourn"]
[EventRounds "11"]
[EventCountry "CZE"]
[SourceTitle "EXT 2022"]
[Source "ChessBase"]
[SourceDate "2021.10.06"]
[SourceVersion "1"]
[SourceVersionDate "2021.10.06"]
[SourceQuality "1"]
[WhiteTeam "Policka Stefanydes"]
[BlackTeam "Chotebor"]
[WhiteTeamCountry "CZE"]
[BlackTeamCountry "CZE"]

1. e4 c6 2. d4 d5 3. Nc3 dxe4 4. Nxe4 Nd7 5. Nf3 Ngf6 6. Bd3 Nxe4 7. Bxe4 Nf6 8. Bd3 Bg4 9. c3 e6 10. 0-0 Bd6 11. h3 Bh5 12. Bg5 Qc7 13. c4 Bf4 14. Bxf6 gxf6 15. Be2 0-0-0 16. Qd3 Kb8 17. Rfd1 Bg6 18. Qc3 Rhg8 19. Ne1 Bf5 20. Kh1 Rg7 21. Bd3 Bxd3 22. Rxd3 Rdg8 23. Rad1 Rg5 24. d5 cxd5 25. cxd5 Qxc3 1/2-1/2